000
00359nam a22001697a 4500
020
_a
9780415386265
082
_a
627.52 NOV/HY
100
_a
Novak P
100
_a
Moffat A I B
100
_a
Nalluri C
100
_a
Narayanan R
245
_a
Hydraulic structures
250
_a
Ed 4
260
_a
Oxon
_b
E & FN Spon
_c
2007
300
_a
700
942
_c
BK
999
_c
13857
_d
13857